000 00702nmm a2200253 a 4500
003 AR-BaBNM
005 20251128202800.0
008 107019s1972 ||||||||||||||000 | spa||
040 _cAR-BaBNM
100 1 _aGroussac, Paul
245 1 0 _aLos que pasaban
_bJosé Manuel Estrada - Pedro Goyena - Nicolás Avellaneda - Carlos Pellegrini - Roque Sáenz Peña
260 _aBuenos Aires
_bLibrería Huemul
_c1972
300 0 _a316 p.
650 4 _aLITERATURA ARGENTINA
650 4 _aHISTORIA ARGENTINA
650 4 _aBIOGRAFIAS
650 4 _aESCRITORES
650 4 _aVIDA LITERARIA
650 4 _aSIGLO DIECINUEVE
653 0 _aMEMORIAS
655 _aLITERATURA
942 _cBK
998 _cMARTIN
999 _c542
_d542